T̤anzīyat-i Āzād. (Record no. 65884)

MARC details
000 -LEADER
fixed length control field 00598cam a22002411 4500
001 - CONTROL NUMBER
control field sa 65008813
003 - CONTROL NUMBER IDENTIFIER
control field DLC
005 - DATE AND TIME OF LATEST TRANSACTION
control field 20260227112158.0
008 - FIXED-LENGTH DATA ELEMENTS--GENERAL INFORMATION
fixed length control field 900103s1964 ii 000 0 urdr
010 ## - LIBRARY OF CONGRESS CONTROL NUMBER
LC control number sa 65008813
035 ## - SYSTEM CONTROL NUMBER
System control number (OCoLC)20842830
040 ## - CATALOGING SOURCE
Original cataloging agency DLC
Transcribing agency WaU
Modifying agency DLC
042 ## - AUTHENTICATION CODE
Authentication code premarc
043 ## - GEOGRAPHIC AREA CODE
Geographic area code a-ii---
050 00 - LIBRARY OF CONGRESS CALL NUMBER
Classification number DS427
Item number .A88 1964
100 1# - MAIN ENTRY--PERSONAL NAME
Personal name Āzād, Abūlkalām,
Dates associated with a name 1888-1958.
245 10 - TITLE STATEMENT
Title T̤anzīyat-i Āzād.
260 ## - PUBLICATION, DISTRIBUTION, ETC.
Place of publication, distribution, etc. [Delhi,
Date of publication, distribution, etc. 1964]
300 ## - PHYSICAL DESCRIPTION
Extent 144 p.
Dimensions 18 cm.
500 ## - GENERAL NOTE
General note In Urdu.
500 ## - GENERAL NOTE
General note Text partially vocalized.
650 #0 - SUBJECT ADDED ENTRY--TOPICAL TERM
Topical term or geographic name entry element Muslims
Geographic subdivision India.

No items available.

Powered by Koha